| 000 | 00505nam a2200181Ia 4500 | ||
|---|---|---|---|
| 008 | 240925s9999 xx 000 0 und d | ||
| 020 | _a130307548 | ||
| 082 | _a005.7585 LUL | ||
| 100 | _aLulushi, Albert | ||
| 245 | 0 | _aOracle: forms developers hand book | |
| 250 | _aNA | ||
| 260 |
_aNew Jersey: _bPrintice- Hall Int. _c,2000. |
||
| 300 |
_avii,646p. _bNA _fOriginal |
||
| 500 | _aIncludes Index | ||
| 600 | _aComputer Science | ||
| 650 | _aComputer science, information & general works | ||
| 942 | _cBK | ||
| 999 |
_c6901 _d6901 |
||